Southern India : (Record no. 88783)

MARC details
000 -LEADER
fixed length control field 01063nam a2200289Ia 4500
005 - DATE AND TIME OF LATEST TRANSACTION
control field 20170725114000.0
010 ## - LCCN (DPL NO)
LC control number BAC-EN21 ENG-112038
020 ## - INTERNATIONAL STANDARD BOOK NUMBER
International Standard Book Number 9788174369208
Terms of availability 495.00
035 ## - SYSTEM CONTROL NUMBER
System control number EN-95570
035 ## - SYSTEM CONTROL NUMBER
System control number B-580752-765
035 ## - SYSTEM CONTROL NUMBER
System control number B-667342
037 ## - SOURCE OF ACQUISITION
Source of stock number/acquisition Aakar/Ven
Stock number dpl
037 ## - SOURCE OF ACQUISITION
Source of stock number/acquisition DBAD/PUB
082 ## - DEWEY DECIMAL CLASSIFICATION NUMBER
Classification number 954.3
100 ## - MAIN ENTRY--PERSONAL NAME
Personal name Michell, George
245 ## - TITLE STATEMENT
Title Southern India :
Statement of responsibility, etc by George Michell
Remainder of title a guide to monuments sites & museumes /
260 ## - PUBLICATION, DISTRIBUTION, ETC. (IMPRINT)
Date of publication, distribution, etc 2013
Place of publication, distribution, etc New Delhi
Name of publisher, distributor, etc Roli Books
270 ## - ADDRESS
Address M-75, Greater Kailash II Market
City New Delhi
Postal code 110048
300 ## - PHYSICAL DESCRIPTION
Dimensions 20cm(pbk)
Extent 579p. :
Other physical details ill.,maps
500 ## - GENERAL NOTE
General note Includes index
650 ## - SUBJECT ADDED ENTRY--TOPICAL TERM
Topical term or geographic name as entry element Monuments
Geographic subdivision India, South.
650 ## - SUBJECT ADDED ENTRY--TOPICAL TERM
Topical term or geographic name as entry element Historic sites
Geographic subdivision India, South.
650 ## - SUBJECT ADDED ENTRY--TOPICAL TERM
Topical term or geographic name as entry element Museums
Geographic subdivision India, South.
942 ## - ADDED ENTRY ELEMENTS (KOHA)
Item type English Books
Source of classification or shelving scheme Dewey Decimal Classification
Call number suffix MIC
Classification part 954.3
Holdings
Withdrawn status Lost status Not for loan Collection code Home library Current library Date acquired Source of acquisition Cost, normal purchase price Full call number Barcode Copy number Cost, replacement price Koha item type
      Non-fiction Ashok Vihar Ashok Vihar 25/07/2017 BPPD/EN/2014-15/AV/16-17/412/15.2.2017/I-3324/01.03.2017/ 17.3.2017 495.00 954.3 MIC B-667342 1 495.00 English Books
      Non-fiction Bawana Bawana 23/06/2015 Aakar Books/1-1437/23.12.2014/167/08.12.2014/30.12.2014 495.00 954.3 MIC B-580764 1 495.00 English Books
      Non-fiction Central Jail Tihar Central Jail Tihar 23/06/2015 Aakar Books/1-1437/23.12.2014/167/08.12.2014/30.12.2014 495.00 954.3 MIC B-580758 1 495.00 English Books
      Non-fiction Central Library Central Library 23/06/2015 Aakar Books/1-1437/23.12.2014/167/08.12.2014/30.12.2014 495.00 954.3 MIC B-580752 1 495.00 English Books
    Not For Loan Non-fiction D.B.Act.Division D.B.Act.Division 30/01/2015 DBAD/PUB 495.00 954.3 MIC EN-95570 1 495.00 English Books
      Non-fiction Janak Puri Janak Puri 23/06/2015 Aakar Books/1-1437/23.12.2014/167/08.12.2014/30.12.2014 495.00 954.3 MIC B-580759 1 495.00 English Books
      Non-fiction Karol Bagh Karol Bagh 23/06/2015 Aakar Books/1-1437/23.12.2014/167/08.12.2014/30.12.2014 495.00 954.3 MIC B-580762 1 495.00 English Books
      Non-fiction Kasturba Gandhi Marg Kasturba Gandhi Marg 23/06/2015 Aakar Books/1-1437/23.12.2014/167/08.12.2014/30.12.2014 495.00 954.3 MIC B-580755 1 495.00 English Books
      Non-fiction Narela Narela 23/06/2015 Aakar Books/1-1437/23.12.2014/167/08.12.2014/30.12.2014 495.00 954.3 MIC B-580763 1 495.00 English Books
      Non-fiction New Police Line New Police Line 23/06/2015 Aakar Books/1-1437/23.12.2014/167/08.12.2014/30.12.2014 495.00 954.3 MIC B-580753 1 495.00 English Books
      Non-fiction Patel Nagar Patel Nagar 23/06/2015 Aakar Books/1-1437/23.12.2014/167/08.12.2014/30.12.2014 495.00 954.3 MIC B-580754 1 495.00 English Books
      Non-fiction Peshwa Road Peshwa Road 23/06/2015 Aakar Books/1-1437/23.12.2014/167/08.12.2014/30.12.2014 495.00 954.3 MIC B-580756 1 495.00 English Books
      Non-fiction R.K.Puram-8 R.K.Puram-8 23/06/2015 Aakar Books/1-1437/23.12.2014/167/08.12.2014/30.12.2014 495.00 954.3 MIC B-580761 1 495.00 English Books
      Non-fiction Sarojini Nagar Sarojini Nagar 23/06/2015 Aakar Books/1-1437/23.12.2014/167/08.12.2014/30.12.2014 495.00 954.3 MIC B-580760 1 495.00 English Books
  Written-off vide DLB M. No. 383 dt 16.05.19   Non-fiction Shahdara Branch Shahdara Branch 23/06/2015 Aakar Books/1-1437/23.12.2014/167/08.12.2014/30.12.2014 495.00 954.3 MIC B-580765 1 495.00 English Books
      Non-fiction Tri Nagar Tri Nagar 23/06/2015 Aakar Books/1-1437/23.12.2014/167/08.12.2014/30.12.2014 495.00 954.3 MIC B-580757 1 495.00 English Books

© Delhi Public Library
Hit Counter
free hit counter